1980s Movies - Sudden Death - Statistics

General Stats
  • This quiz has been taken 119 times
  • The average score is 11 of 21
Answers on the Grid
Answers color-coded by a green-red scale on the quiz's grid according to % correct below.
A Star Is Born
Airplane!
Apollo 13
Armageddon
Back to the Future
Ben-Hur
Beverly Hills Cop
Crocodile Dundee
Die Hard
Dirty Dancing
E.T.
Ferris Bueller's Day Off
Footloose
Forrest Gump
Ghostbusters
Good Morning, Vietnam
Grease
Gremlins
Home Alone
Honey, I Shrunk the Kids
Independence Day
Jaws
Jaws 2
Jurassic Park
Kindergarten Cop
King Kong
Men in Black
Mrs. Doubtfire
Notting Hill
Raiders of the Lost Ark
Rain Man
Rocky
Saturday Night Fever
Spartacus
Star Wars: Episode IV – A New Hope
The Bodyguard
The Breakfast Club
The Flintstones
The Godfather
The Goonies
The Karate Kid
The Lion King
The Mummy
The Princess Bride
The Terminator
Titanic
Top Gun
Toy Story
 
Answer Stats
Answer % Correct
E.T.
85%
Ghostbusters
74%
Dirty Dancing
73%
Footloose
73%
Back to the Future
69%
Ferris Bueller's Day Off
68%
Beverly Hills Cop
64%
Crocodile Dundee
59%
Gremlins
57%
Airplane!
55%
Die Hard
50%
Good Morning, Vietnam
50%
The Breakfast Club
36%
Rain Man
35%
Raiders of the Lost Ark
32%
The Karate Kid
32%
The Terminator
32%
Top Gun
32%
The Goonies
30%
Honey, I Shrunk the Kids
24%
The Princess Bride
23%
No matching quizzes found
Score Distribution
Percent of People with Each Score
Percentile by Number Answered
Your Score History
You have not taken this quiz